Doing interviews

Αποθηκεύτηκε σε:
Λεπτομέρειες βιβλιογραφικής εγγραφής
Κύριος συγγραφέας: Kvale, Steinar 1938-
Μορφή: Βιβλίο
Γλώσσα:English
Δημοσίευση: London : SAGE Publications, c2007
Σειρά:SAGE qualitative research kit
Θέματα:
Ετικέτες: Προσθήκη ετικέτας
Δεν υπάρχουν, Καταχωρήστε ετικέτα πρώτοι!

MARC

LEADER 00000nam a2200000 i 4500
001 1/83106
008 080417s2007 eng d
020 |a 978-0-7619-4977-0 
035 |l 10096844 
040 |a GR-MY-UA  |b gre  |e aacr 
041 0 |a eng 
082 0 |a 001.42  |2 (22) 
100 1 |a Kvale, Steinar  |d 1938- 
245 1 0 |a Doing interviews /  |c Steinar Kvale 
260 |a London :   |b SAGE Publications,   |c c2007 
300 |a xix, 157 σ.;  |c 23 εκ. 
490 1 |a SAGE qualitative research kit 
504 |a Βιβλιογραφία : σ. [150]-154. Ευρετήριο 
650 0 0 |a Qualitative research. 
650 0 0 |a Interviewing. 
830 0 |a SAGE qualitative research kit 
852 |a INST  |b CHIOS  |e 20080417  |h 001.42 KVA  |p 005200027299  |q 005200027299  |t BK  |y 0 
901 |a BIBL2-2008-1 
909 |a Χ  |b 152454 
922 |a 2ΕΛΗ  |b 200803  |c ΕΠΕΑΕΚ2/ΤΔΕ  |d ΕΛΕΥΘΕΡΟΥΔΑΚΗΣ 
970 |a ΒΑΡΦΗΣ  |b ΒΑΓΓΕΛΗΣ  |z 2008/04/17